Pick the Antonym Quiz Stats

 Plays Quiz Updated Nov 27, 2017

Challenge
Share
Tweet
Embed
Score 0/12 Timer 03:00
2 Plays Today
Question Answer Wrong Answers
Pick the antonym. fresh
89.9%
trite
0.9%
hackneyed
2%
cliché
3.6%
Pick the antonym. nadir
89.7%
apex
1.9%
summit
2%
pinnacle
1.5%
Pick the antonym. odium
89.6%
affection
1.8%
fervor
7.2%
fondness
1.3%
Pick the antonym. modern
89.3%
antediluvian
1%
antique
4.2%
hoary
2.9%
Pick the antonym. gregarious
86.8%
aloof
3.3%
frigid
7.2%
indifferent
2.2%
Pick the antonym. modest
86.7%
ornate
1%
baroque
1.5%
flamboyant
5.8%
Pick the antonym. satiated
83.8%
peckish
7%
ravenous
3.7%
famished
4.4%
Pick the antonym. ruddy
78.1%
pallid
5.8%
ashen
4.6%
blanched
6.9%
Pick the antonym. garrulous
75.8%
taciturn
5%
reticent
4.1%
speechless
10.8%
Pick the antonym. shorn
64%
pilose
6.9%
hirsute
7.4%
fuzzy
17.6%
Pick the antonym. irenic
57.9%
bellicose
15.4%
truculent
15%
quarrelsome
8.5%
Pick the antonym. soft
57.1%
raucous
35.3%
stentorian
3.5%
sonorous
1.9%

You're not logged in!

Compare scores with friends on all Sporcle quizzes.
OR
Log In

You Might Also Like...

Show Comments

Extras

Top Quizzes Today


Score Distribution

Your Account Isn't Verified!

In order to create a playlist on Sporcle, you need to verify the email address you used during registration. Go to your Sporcle Settings to finish the process.

Report this User

Report this user for behavior that violates our Community Guidelines.

Details: